000 00424nam a22001697a 4500
003 MPLRDC
005 20220104142438.0
008 210129b ||||| |||| 00| 0 eng d
082 _a905 YSJ-2 v.4
100 _a艺术家编委会
245 _a艺术家. 第四卷
_c
260 _a
_b艺术家杂志社
_c1976
300 _b
490 _a艺术家合订本. 4
650 _a艺术期刊
942 _cBK
_o905 YSJ-2 v.4
999 _c30968
_d30958